00329nam a2200133Ia 4500008004100000020001500041041001200056100001600068245005300084250000800137260002500145300000900170650001600179221030s9999 xx 000 0 und d a8120352681 aEnglish aA. A. Kumar 0aFundamentals of Digital Circuitscby A. A. Kumar a4th bPHIaNew Delhic2016 a1070 aBE Computer